| 000 | 01304aab a2200241 i 4500 | ||
|---|---|---|---|
| 001 | 768714001 | ||
| 003 | CO-MdFUSB | ||
| 005 | 20240703100942.0 | ||
| 008 | 240703t1991 sz ||||| |||| 00| 0 eng d | ||
| 040 |
_bspa _cCO-MdFUSB |
||
| 041 | _aeng | ||
| 100 | 1 |
_aLange, Harry de _eautor |
|
| 245 |
_aReflections on the present economic situation _c/ Harry de Lange |
||
| 520 | _aSe presenta los problemas económicos reales de la Comunidad Europea y se da alguna información sobre las discusiones en y entre los Estados miembros. Se cuestiona: ¿Cuáles son las implicaciones para las iglesias en esta parte de Europa mirando hacia el futuro cuando sus naciones probablemente entren en una economía de mercado? En este pensamiento social ecuménico se pueden distinguir algunos principios básicos, en particular el principio de justicia social. Este pensamiento se ha profundizado en esas últimas décadas. | ||
| 546 | _aTexto en inglés. | ||
| 650 | 0 |
_a Ecumenismo _xHistoria _91146 |
|
| 650 | 0 |
_aIglesia y problemas mundiales _9912 |
|
| 650 | 0 |
_aJusticia social _91851 |
|
| 650 | 7 |
_aGestión de conflictos _92119 |
|
| 773 | 0 |
_tReformed World _049396 _959547 _gVolumen 41 (número 6, 1991) páginas: 182 - 192 _qpáginas: 182 |
|
| 942 | _cANA | ||
| 945 | _aCatherine Arias Álvarez - Practicante SENA | ||
| 999 |
_c55296 _d55296 |
||